[Event "Hessenliga 1415"]
[Site "Hessen"]
[Date "2015.02.08"]
[Round "6.6"]
[White "Hanemann, Ingo"]
[Black "Luetzen, Matthias"]
[Result "1-0"]
[WhiteElo "2188"]
[BlackElo "2040"]
[PlyCount "89"]
[EventDate "2014.09.28"]
[EventType "team-tourn"]
[EventRounds "9"]
[EventCountry "GER"]
[SourceTitle "EXT 2016"]
[Source "ChessBase"]
[SourceDate "2015.10.08"]
[SourceVersion "1"]
[SourceVersionDate "2015.10.08"]
[SourceQuality "1"]
[WhiteTeam "Bad Homburg"]
[BlackTeam "Offenbach"]
[WhiteTeamCountry "GER"]
[BlackTeamCountry "GER"]

1. e4 e6 2. d4 d5 3. Nc3 Bb4 4. e5 c5 5. Bd2 Nh6 6. Nf3 Nc6 7. Bd3 c4 8. Bf1 Nf5 9. Ne2 Be7 10. c3 Bd7 11. g3 g5 12. Bh3 Ng7 13. Qc1 h6 14. Bg2 Nf5 15. h4 g4 16. Nh2 h5 17. Nf1 Bf8 18. Ne3 Nce7 19. Nxf5 Nxf5 20. Bg5 Be7 21. Bxe7 Qxe7 22. f3 Rg8 23. fxg4 hxg4 24. Qf4 Bc6 25. Qf2 0-0-0 26. Nf4 Rh8 27. Kd2 Qd7 28. Rae1 Kb8 29. Bf1 Qc7 30. Be2 Qa5 31. a3 Qb6 32. Kc1 Rdg8 33. Bd1 Bd7 34. Bc2 Qc6 35. Qg2 Re8 36. Rh2 Rh7 37. Bxf5 exf5 38. Nxd5 Rh6 39. Rf1 Rd8 40. Ne3 Qxg2 41. Rxg2 f6 42. exf6 Rxf6 43. Nxg4 Bc6 44. Nxf6 Bxg2 45. Rxf5 1-0

[Event "Passau op 8th"]
[Site "Passau"]
[Date "2000.04.21"]
[Round "1"]
[White "Opalic, Momcilo"]
[Black "Luetzen, Matthias"]
[Result "1-0"]
[WhiteElo "2115"]
[BlackElo "1657"]
[PlyCount "71"]
[EventDate "2000.04.21"]
[EventType "swiss"]
[EventRounds "7"]
[EventCountry "GER"]
[SourceTitle "CBM 076 Extra"]
[Source "ChessBase"]
[SourceDate "2000.07.11"]
[SourceVersion "1"]
[SourceVersionDate "2000.07.11"]
[SourceQuality "1"]

1. Nf3 Nf6 2. d4 g6 3. c4 Bg7 4. Nc3 0-0 5. e4 d6 6. Be2 e5 7. 0-0 Nc6 8. d5 Ne7 9. Ne1 Ne8 10. Be3 f5 11. f3 f4 12. Bf2 h5 13. b4 g5 14. c5 Rf6 15. Rc1 Rg6 16. cxd6 Nxd6 17. Qc2 Bd7 18. a4 g4 19. Bh4 Qf8 20. Nb5 Bf6 21. Bxf6 Qxf6 22. Nxd6 cxd6 23. Bb5 Rc8 24. Qd2 Rxc1 25. Qxc1 Bc8 26. Qc7 g3 27. h3 Qf8 28. Bd7 Kf7 29. Nd3 Bxd7 30. Qxd7 Qe8 31. Qc7 Qxa4 32. Nxe5+ dxe5 33. d6 Qxb4 34. Qxe7+ Kg8 35. Qe8+ Kh7 36. d7 1-0

[Event "Passau op 7th"]
[Site "Passau"]
[Date "1999.04.04"]
[Round "6"]
[White "Fischer, Gerold"]
[Black "Luetzen, Matthias"]
[Result "1-0"]
[WhiteElo "1896"]
[BlackElo "1597"]
[PlyCount "49"]
[EventDate "1999.04.02"]
[EventType "swiss"]
[EventRounds "7"]
[EventCountry "GER"]
[SourceTitle "EXT 2000"]
[Source "ChessBase"]
[SourceDate "1999.11.16"]
[SourceVersion "1"]
[SourceVersionDate "1999.11.16"]
[SourceQuality "1"]

1. e4 e6 2. d4 d5 3. Nd2 Nf6 4. e5 Nfd7 5. g3 c5 6. c3 Nc6 7. Ndf3 Qb6 8. a3 cxd4 9. cxd4 f6 10. Bh3 Na5 11. Ne2 Nb3 12. Rb1 fxe5 13. Be3 Be7 14. dxe5 Qa5+ 15. Kf1 d4 16. Bf4 Qb6 17. Nexd4 Nxd4 18. Nxd4 Nc5 19. b4 Ne4 20. Qd3 Ng5 21. Bg4 Bd7 22. Rc1 Rd8 23. Bxg5 Bxg5 24. f4 Bb5 25. Qxb5+ 1-0

[Event "Passau op 7th"]
[Site "Passau"]
[Date "1999.04.03"]
[Round "3"]
[White "Luetzen, Matthias"]
[Black "Premke, Stefan"]
[Result "1/2-1/2"]
[WhiteElo "1597"]
[BlackElo "1720"]
[PlyCount "28"]
[EventDate "1999.04.02"]
[EventType "swiss"]
[EventRounds "7"]
[EventCountry "GER"]
[SourceTitle "EXT 2000"]
[Source "ChessBase"]
[SourceDate "1999.11.16"]
[SourceVersion "1"]
[SourceVersionDate "1999.11.16"]
[SourceQuality "1"]

1. c4 Nf6 2. Nc3 e6 3. e4 Nc6 4. f4 d5 5. e5 d4 6. exf6 dxc3 7. bxc3 Qxf6 8. d4 Bd6 9. g3 0-0 10. Nf3 b6 11. Bd3 Bb7 12. 0-0 h6 13. Ne5 Rad8 14. Qe2 Na5 1/2-1/2